Normal view
MARC view
Entry Topical Term
001 - CONTROL NUMBER
- control field: 24928
003 - CONTROL NUMBER IDENTIFIER
- control field: OSt
005 - DATE AND TIME OF LATEST TRANSACTION
- control field: 20230601090905.0
008 - FIXED-LENGTH DATA ELEMENTS
- fixed length control field: 230601|| aca||aabn | a|a d
040 ## - CATALOGING SOURCE
- Original cataloging agency: OSt
- Transcribing agency: OSt
150 ## - HEADING--TOPICAL TERM
- Topical term or geographic name entry element: လွင်ႈၼင်ႈၵၢၼ်တြႃး - ဝိပသ်ႉသၼႃႇ
670 ## - SOURCE DATA FOUND
- Source citation: Work cat.: (OSt): သုၶမ်း (တၢင်ႉယၢၼ်း)၊ ၸဝ်ႈ။ 24927, တြႃးဝိပသ်သၼႃႇၵမ်ႇမထၢၼ်းလႄႈ ၵၢပ်ႈပၢၼ်ယၢမ်းလဵဝ် -